Central Library OPAC University of Rajshahi

Max : (Record no. 63337)

MARC details
000 -LEADER
fixed length control field 00601nam a2200217 a 4500
001 - CONTROL NUMBER
control field 63337
003 - CONTROL NUMBER IDENTIFIER
rucl marc code BD-RjUL
005 - DATE AND TIME OF LATEST TRANSACTION
control field 20211209081201.0
008 - FIXED-LENGTH DATA ELEMENTS--GENERAL INFORMATION
fixed length control field 170129s1983 mau 000 1 eng d
035 ## - SYSTEM CONTROL NUMBER
System control number BD-RjUL 63466
040 ## - CATALOGING SOURCE
Original cataloging agency SRS
Transcribing agency SRS
Modifying agency EQO
-- BD-RjUL
Language of cataloging eng
041 ## - LANGUAGE CODE
Language code of text/sound track or separate title eng
082 ## - DEWEY DECIMAL CLASSIFICATION NUMBER
Edition number 23
Classification number 813
Author mark and year FAM 1983
090 ## - LOCALLY ASSIGNED LC-TYPE CALL NUMBER (OCLC); LOCAL CALL NUMBER (OCLC)
Classification number (OCLC) (R) ; Classification number, CALL (RLIN) (NR) PS3511.A784
Local cutter number (OCLC) ; Book number/undivided call number, CALL (RLIN) M3 1983
100 1# - MAIN ENTRY--PERSONAL NAME
Personal name Fast, Howard,
Dates associated with a name 1914-2003
9 (RLIN) 186020
245 10 - TITLE STATEMENT
Title Max :
Remainder of title a novel /
Statement of responsibility, etc. by Howard Fast
260 ## - PUBLICATION, DISTRIBUTION, ETC. (IMPRINT)
Place of publication, distribution, etc. London :
Name of publisher, distributor, etc. Hodder and Stoughton,
Date of publication, distribution, etc. 1983
300 ## - PHYSICAL DESCRIPTION
Pagination 395 p. ;
Size 24 cm
650 ## - SUBJECT ADDED ENTRY--TOPICAL TERM
Topical term or geographic name as entry element Motion picture industry
9 (RLIN) 185427
942 ## - ADDED ENTRY ELEMENTS (KOHA)
Source of classification or shelving scheme Dewey Decimal Classification
Koha item type Books
Holdings
Lost status Source of classification or shelving scheme Damaged status Not for loan Collection code Permanent Location Current Location Shelving location Date acquired Total Checkouts Full call number Date last seen Copy number Koha item type
  Dewey Decimal Classification   Not For Loan Fiction Central Library, University of Rajshahi Central Library, University of Rajshahi Reading Room 13/06/1994   813 FAM 1983 29/01/2017 C-1 Books